Legal Research and Writing: (Record no. 211796)

MARC details
000 -LEADER
fixed length control field 00686nam a22002057a 4500
005 - DATE AND TIME OF LATEST TRANSACTION
control field 20250613152705.0
010 ## - LCCN (DPL NO)
LC control number ENG-145342
020 ## - INTERNATIONAL STANDARD BOOK NUMBER
International Standard Book Number 9789391211042
Terms of availability 695.00
035 ## - SYSTEM CONTROL NUMBER
System control number EN-128874
037 ## - SOURCE OF ACQUISITION
Source of stock number/acquisition DBAD
082 ## - DEWEY DECIMAL CLASSIFICATION NUMBER
Classification number 340.072054
245 ## - TITLE STATEMENT
Title Legal Research and Writing:
Statement of responsibility, etc Edited by Manoj Kumar Sinha [and] Deepa Kharb
Remainder of title New perspectives/
250 ## - EDITION STATEMENT
Edition statement 1
260 ## - PUBLICATION, DISTRIBUTION, ETC. (IMPRINT)
Place of publication, distribution, etc Gurgaon
Name of publisher, distributor, etc Lexis Nexis
Date of publication, distribution, etc 2023
270 ## - ADDRESS
Address 14th Floor, Bldg No.10, Tower-B, DLF Cyber City, Phase-II
City Gurgaon
Postal code 122002
300 ## - PHYSICAL DESCRIPTION
Extent xxxiii, 460p.
Dimensions 23cm(pb)
700 ## - ADDED ENTRY--PERSONAL NAME
Personal name Sinha , Manoj Kumar
Relator term editor
9 (RLIN) 82017
700 ## - ADDED ENTRY--PERSONAL NAME
Personal name Kharb, Deepa
Relator term editor
9 (RLIN) 82018
942 ## - ADDED ENTRY ELEMENTS (KOHA)
Source of classification or shelving scheme Dewey Decimal Classification
Item type English Books
Call number suffix LEG
Classification part 340.072054
Holdings
Withdrawn status Lost status Not for loan Collection code Home library Current library Date acquired Source of acquisition Cost, normal purchase price Full call number Barcode Copy number Cost, replacement price Koha item type
      Non-fiction RC3 Shakur Pur RC3 Shakur Pur 13/06/2025 Delivery of Books Act Division 695.00 LEG 340.072054 EN-128874 1 695.00 English Books

© Delhi Public Library
Hit Counter
free hit counter